Invito alla lettura di Jean Genet /

সংরক্ষণ করুন:
গ্রন্থ-পঞ্জীর বিবরন
প্রধান লেখক: Torresani, Sergio (লেখক)
বিন্যাস: গ্রন্থ
ভাষা:ইতালিয়
প্রকাশিত: Milano : Mursia, \1987!
মালা:Invito alla lettura. Sezione straniera ; 48
বিষয়গুলি:
ট্যাগগুলো: ট্যাগ যুক্ত করুন
কোনো ট্যাগ নেই, প্রথমজন হিসাবে ট্যাগ করুন!

MARC

LEADER 00000nam a2200000 i 4500
001 IT\ICCU\CFI\0031023
003 ItRI
005 20260115232346.0
008 870507s1987 it |||||| ||||| |||||c
015 |2 IT  |a 88-1767 
040 |b ita  |c importazione bologna sebina 
041 7 |a ita  |2 ISO-639-2 
082 |a 842.912  |9 LETTERATURA DRAMMATICA FRANCESE. 1900-1945  |2 19 
100 1 |a Torresani, Sergio  |0 IT\ICCU\CFIV\028571  |4 aut 
245 1 0 |a Invito alla lettura di Jean Genet /  |c Sergio Torresani. 
246 1 3 |a Genet. -  |9 IT\ICCU\CFI\0054559 
260 |a Milano :  |b Mursia,  |c \1987! 
300 |a 198 p. ;  |c 17 cm. 
500 |a Tit. sul dorso  |0 IT\ICCU\CFI\0054559 
650 7 |a Genet, Jean 
830 0 |a Invito alla lettura. Sezione straniera ;  |v 48  |0 IT\ICCU\CFI\0001894 
942 |2 ddc  |c BK  |n 0 
952 |0 0  |1 0  |4 0  |6 DOC_842_914000000000000_TOR  |7 0  |9 24758  |a BO  |b BO  |d 2026-01-15  |i 1762  |l 0  |o DOC 842.914 TOR  |p BO1762  |r 2026-01-15 23:23:46  |w 2026-01-15  |x [Sebina 5] [1 v.]  |y BK  |z 1 v. 
999 |c 21045  |d 21045